[Event "BCF-chT4 2223 (4NCL)"]
[Site "England"]
[Date "2023.04.29"]
[Round "9.135"]
[White "Williamson, Chris"]
[Black "Shrivastava, Tia"]
[Result "0-1"]
[WhiteElo "1438"]
[BlackElo "1334"]
[PlyCount "164"]
[EventDate "2022.11.05"]
[EventType "team-swiss"]
[EventRounds "11"]
[EventCountry "ENG"]
[SourceTitle "EXT 2024"]
[Source "ChessBase"]
[SourceDate "2023.10.10"]
[SourceVersion "1"]
[SourceVersionDate "2023.10.10"]
[SourceQuality "1"]
[WhiteTeam "Deaf England"]
[BlackTeam "She Plays To Win Uni"]
[WhiteTeamCountry "ENG"]
[BlackTeamCountry "ENG"]

1. e4 e5 2. Nf3 Nc6 3. Bc4 h6 4. d3 Nge7 5. Nc3 d6 6. h3 Na5 7. Bb5+ Bd7 8. a4 c6 9. Bc4 Nxc4 10. dxc4 Be6 11. b3 Qa5 12. Bd2 Qb6 13. Be3 Qc7 14. c5 d5 15. exd5 Bxd5 16. 0-0 Bxf3 17. Qxf3 f6 18. b4 Rd8 19. Ne4 Nd5 20. Qh5+ Qf7 21. Qxf7+ Kxf7 22. c3 Nxe3 23. fxe3 Be7 24. Rf2 Rd3 25. Raf1 Rxe3 26. Nd6+ Bxd6 27. cxd6 Rd3 28. Rf5 Ke6 29. R5f3 Rxf3 30. Rxf3 Kxd6 31. Rg3 g5 32. Rd3+ Kc7 33. Rf3 Rf8 34. c4 a6 35. c5 b6 36. a5 bxc5 37. bxc5 f5 38. Rb3 Rb8 39. Re3 e4 40. g4 fxg4 41. hxg4 Rb4 42. Rh3 e3 43. Rxe3 Rxg4+ 44. Kh2 Rc4 45. Re7+ Kb8 46. Re8+ Kc7 47. Re7+ Kd8 48. Ra7 Rxc5 49. Rxa6 Kc7 50. Kg3 Rb5 51. Ra7+ Kb8 52. Rh7 Rxa5 53. Rxh6 Kb7 54. Kg4 Kb6 55. Rh8 Rd5 56. Rh6 Kb5 57. Rh2 c5 58. Rb2+ Kc4 59. Kf3 Kc3 60. Rg2 c4 61. Ke4 Rd4+ 62. Kf5 Rd8 63. Ke6 Rd2 64. Rxg5 Kc2 65. Ke5 c3 66. Ke4 Kc1 67. Ke3 Kb1 68. Rc5 Kc2 69. Ra5 Rd8 70. Ke2 Kb3 71. Rb5+ Kc4 72. Rb7 Rd5 73. Rc7+ Kb3 74. Rb7+ Kc2 75. Ke3 Rd1 76. Ke2 Rb1 77. Rc7 Rb2 78. Rc4 Kb1+ 79. Kd3 c2 80. Rxc2 Rxc2 81. Kd4 Kb2 82. Kd3 Kb3 0-1

[Event "EU-ch Deaf Seniors 60"]
[Site "Lvov"]
[Date "2019.07.17"]
[Round "2.2"]
[White "Williamson, Chris"]
[Black "Strzelecki, Jerzy"]
[Result "0-1"]
[WhiteElo "1253"]
[BlackElo "1980"]
[PlyCount "94"]
[EventDate "2019.07.16"]
[EventType "swiss"]
[EventRounds "7"]
[EventCountry "UKR"]
[SourceTitle "EXT 2024"]
[Source "ChessBase"]
[SourceDate "2023.10.10"]
[SourceVersion "1"]
[SourceVersionDate "2023.10.10"]
[SourceQuality "1"]

1. e4 e6 2. Nc3 d5 3. Nf3 Nf6 4. exd5 exd5 5. d4 c6 6. Be2 Bd6 7. Bg5 Nbd7 8. Bd3 0-0 9. 0-0 Qc7 10. Ne2 h6 11. Bh4 Re8 12. Bg3 Nf8 13. Bxd6 Qxd6 14. Ng3 Bd7 15. Nh4 Ne4 16. Nhf5 Qf6 17. f3 Nxg3 18. Nxg3 Qxd4+ 19. Kh1 Qf6 20. c3 Re7 21. Qc2 Rae8 22. Rad1 Ng6 23. Rd2 Nf4 24. Rdf2 Re3 25. Bh7+ Kh8 26. Bf5 Bxf5 27. Nxf5 Re2 28. Qb1 Rxf2 29. Rxf2 Qxf5 30. Qg1 Nd3 31. Rf1 Re2 32. Qxa7 Qg5 33. Qb8+ Kh7 34. g4 Qf4 35. Qxf4 Nxf4 36. Ra1 Rxb2 37. a4 Rb3 38. Kg1 Ne2+ 39. Kf2 Nxc3 40. a5 d4 41. a6 bxa6 42. Rxa6 Rb2+ 43. Kg3 d3 44. Rxc6 d2 45. Rd6 d1Q 46. Rxd1 Nxd1 47. Kf4 Rxh2 0-1